[Event "NAYCC U12"]
[Site "Kingston CAN"]
[Date "2019.08.17"]
[Round "4.88"]
[White "Iyer, Vedanth"]
[Black "Lim, Nicolas"]
[Result "1/2-1/2"]
[WhiteElo "1525"]
[BlackElo "1222"]
[PlyCount "97"]
[EventDate "2019.08.16"]
[EventType "swiss"]
[EventRounds "9"]
[EventCountry "CAN"]

1. e4 c5 2. Nf3 d6 3. d4 cxd4 4. Nxd4 Nf6 5. Nc3 a6 6. Be3 e5 7. Nb3 Be6 8. f3
Be7 9. Qd2 O-O 10. O-O-O b5 11. g4 h5 12. gxh5 Nxh5 13. Rg1 Kh7 14. Qg2 g6 15.
Ne2 Kg7 16. Ng3 Nxg3 17. hxg3 Rh8 18. Rh1 Rxh1 19. Qxh1 Qh8 20. Qg2 Nd7 21. f4
Qh7 22. Be2 Qh3 23. Qxh3 Bxh3 24. Bf3 Rc8 25. Rh1 Be6 26. Kb1 Rh8 27. Rxh8 Kxh8
28. Kc1 Kg7 29. Kd2 f5 30. exf5 gxf5 31. Bb7 Bxb3 32. axb3 a5 33. Bc6 Nc5 34.
fxe5 dxe5 35. Bxc5 Bxc5 36. Bxb5 Kg6 37. Ke2 Kg5 38. Kf3 e4+ 39. Kg2 Kg4 40.
Be2+ Kg5 41. Kf1 f4 42. gxf4+ Kxf4 43. Ke1 Ke3 44. Bc4 Kf3 45. Bd5 Ke3 46. Bc6
Bd6 47. Kf1 Bc5 48. Bb7 Bd6 49. Ke1 1/2-1/2

[Event "NAYCC U12"]
[Site "Kingston CAN"]
[Date "2019.08.17"]
[Round "4.89"]
[White "Xu, Xinge"]
[Black "Sharma, Vishruth"]
[Result "0-1"]
[WhiteElo "1266"]
[BlackElo "1794"]
[PlyCount "44"]
[EventDate "2019.08.16"]
[EventType "swiss"]
[EventRounds "9"]
[EventCountry "CAN"]

1. d4 Nf6 2. c4 g6 3. Nc3 Bg7 4. e3 d6 5. Nf3 O-O 6. Bd3 Nbd7 7. e4 e5 8. d5
Ne8 9. O-O f5 10. Ng5 Nc5 11. Nf3 Nf6 12. Re1 h6 13. h4 f4 14. b4 Nxd3 15. Qxd3
Bg4 16. Nh2 Bd7 17. a3 Qe7 18. Nf3 Nh5 19. Kh2 Bg4 20. Nd2 Qxh4+ 21. Kg1 f3 22.
Qf1 fxg2 0-1

[Event "NAYCC U12"]
[Site "Kingston CAN"]
[Date "2019.08.17"]
[Round "4.90"]
[White "Wang, Andrew"]
[Black "Lancman, Kaleb"]
[Result "0-1"]
[WhiteElo "1416"]
[BlackElo "1501"]
[PlyCount "54"]
[EventDate "2019.08.16"]
[EventType "swiss"]
[EventRounds "9"]
[EventCountry "CAN"]

1. e4 d5 2. exd5 Qxd5 3. Nc3 Qd6 4. d4 c6 5. Nf3 Bg4 6. Be2 Nf6 7. h3 Bh5 8.
Be3 e6 9. Qd2 Qc7 10. a3 Bd6 11. g4 Bg6 12. Bd3 Nbd7 13. Rg1 Nd5 14. Nxd5 cxd5
15. Rc1 Qb6 16. b4 a5 17. c3 axb4 18. axb4 Bxd3 19. Qxd3 Ra3 20. Ke2 O-O 21.
Qb1 Rfa8 22. Ng5 Nf6 23. h4 h6 24. Nh3 Qb5+ 25. Ke1 Ra2 26. Bd2 Ne4 27. Rd1
Nxc3 0-1

[Event "NAYCC U12"]
[Site "Kingston CAN"]
[Date "2019.08.17"]
[Round "4.93"]
[White "Qiu, James"]
[Black "Odrcich, Evan"]
[Result "0-1"]
[WhiteElo "1551"]
[BlackElo "878"]
[PlyCount "96"]
[EventDate "2019.08.16"]
[EventType "swiss"]
[EventRounds "9"]
[EventCountry "CAN"]

1. e4 e5 2. Nf3 Nc6 3. Bc4 Nf6 4. Ng5 d5 5. exd5 Na5 6. Bb5+ c6 7. dxc6 Nxc6 8.
O-O Bc5 9. Nf3 Bg4 10. h3 Bh5 11. d3 O-O 12. Be3 Bb6 13. c3 Nd5 14. Bxb6 Qxb6
15. Bc4 Nf6 16. Bb3 Rad8 17. Re1 e4 18. g4 Rxd3 19. Nfd2 Bg6 20. Kg2 Qc7 21.
Bc2 Rd7 22. Qe2 Nd5 23. Kg1 e3 24. Ne4 exf2+ 25. Qxf2 Nf4 26. Qf3 Ne6 27. h4
Qb6+ 28. Kh1 Qxb2 29. h5 Qxa1 30. hxg6 fxg6 31. Qh3 Qxa2 32. Re2 Nf4 33. Qh2
Nxe2 34. Qxe2 Qe6 35. Nbd2 Rfd8 36. Bb3 Rd5 37. Bxd5 Qxd5 38. Qg2 a5 39. Qf3
Qd3 40. Qf4 Rf8 41. Qg5 a4 42. Qc5 Qh3+ 43. Kg1 Qxg4+ 44. Kh2 Rf5 45. Qc4+ Kf8
46. Ng3 Rf2+ 47. Kh1 Qh3+ 48. Kg1 Qg2# 0-1

[Event "NAYCC U12"]
[Site "Kingston CAN"]
[Date "2019.08.17"]
[Round "4.95"]
[White "Kriemadis, Noah"]
[Black "Li, Neal"]
[Result "0-1"]
[WhiteElo "1114"]
[BlackElo "1166"]
[PlyCount "56"]
[EventDate "2019.08.16"]
[EventType "swiss"]
[EventRounds "9"]
[EventCountry "CAN"]

1. d4 d5 2. c4 dxc4 3. e4 e6 4. Bxc4 Nf6 5. Nc3 Nc6 6. Nf3 Bd7 7. e5 Ng8 8. O-O
Nge7 9. Bg5 h6 10. Bh4 g5 11. Ne4 Bg7 12. Nfxg5 hxg5 13. Bxg5 a6 14. Nf6+ Bxf6
15. Bxf6 Rg8 16. d5 exd5 17. Bxd5 Bh3 18. Bxf7+ Kxf7 19. Qh5+ Rg6 20. Qxh3 Qd5
21. Rfd1 Qe4 22. Rd7 Rxg2+ 23. Qxg2 Rg8 24. Qxg8+ Kxg8 25. Bxe7 Qg4+ 26. Kf1
Qxd7 27. Bf6 Nxe5 28. f4 Ng4 0-1

[Event "NAYCC U12"]
[Site "Kingston CAN"]
[Date "2019.08.17"]
[Round "4.96"]
[White "Milardovic, Ivan"]
[Black "Pride, Avian"]
[Result "1/2-1/2"]
[WhiteElo "707"]
[BlackElo "1116"]
[PlyCount "120"]
[EventDate "2019.08.16"]
[EventType "swiss"]
[EventRounds "9"]
[EventCountry "CAN"]

1. e4 e5 2. Nf3 Nc6 3. Bc4 h6 4. d4 d6 5. dxe5 dxe5 6. Qxd8+ Kxd8 7. Bd5 Nf6 8.
Bxc6 bxc6 9. Nxe5 Be6 10. Nc3 Bb4 11. Bd2 Bxc3 12. Bxc3 Nxe4 13. Rd1+ Ke8 14.
Nf3 Nxc3 15. bxc3 Bxa2 16. O-O Rd8 17. Rde1+ Kd7 18. Rd1+ Kc8 19. Ra1 Bc4 20.
Rfe1 Kb8 21. Rab1+ Ka8 22. Ra1 Rd7 23. h3 Bd5 24. Ne5 Re7 25. Rab1 Rhe8 26. f4
f6 27. Kf2 fxe5 28. fxe5 Rxe5 29. Rxe5 Rxe5 30. Rb4 c5 31. Rg4 Rf5+ 32. Ke3 a5
33. Ra4 Bxg2 34. h4 Rf3+ 35. Kd2 g5 36. hxg5 hxg5 37. Rxa5+ Kb7 38. Rxc5 g4 39.
Rb5+ Kc6 40. Rg5 Bh3 41. Ke2 Rxc3 42. Rg6+ Kb7 43. Kd2 Rg3 44. c4 Rg1 45. Ke2
Bf1+ 46. Kf2 Rh1 47. Rxg4 Bh3 48. Rd4 c5 49. Rd3 Bf1 50. Rc3 Rh3 51. Rc1 Bd3
52. Rc3 Kb6 53. Kg2 Bf5 54. Rc1 Ka5 55. Rf1 Bd3 56. Ra1+ Kb4 57. Kxh3 Kxc4 58.
Rc1+ Kb4 59. Kg3 c4 60. Kf2 c3 1/2-1/2

[Event "NAYCC U12"]
[Site "Kingston CAN"]
[Date "2019.08.18"]
[Round "5.60"]
[White "Levine, Jack"]
[Black "Ning, Eric"]
[Result "1/2-1/2"]
[WhiteElo "2198"]
[BlackElo "2135"]
[PlyCount "76"]
[EventDate "2019.08.16"]
[EventType "swiss"]
[EventRounds "9"]
[EventCountry "CAN"]

1. c4 Nf6 2. Nc3 d5 3. cxd5 Nxd5 4. g3 g6 5. Bg2 Nxc3 6. bxc3 Bg7 7. Nf3 O-O 8.
O-O c5 9. Rb1 Qc7 10. d4 Nc6 11. Qc2 Rd8 12. Bf4 Qa5 13. Ne5 cxd4 14. Nxc6 bxc6
15. cxd4 Be6 16. e3 Rac8 17. Rfd1 g5 18. Be5 f6 19. Be4 fxe5 20. Bxh7+ Kf8 21.
Qg6 Bf7 22. Qxg5 Qxa2 23. dxe5 Rd5 24. Rxd5 Qxd5 25. f4 c5 26. Bc2 Qd2 27. Qf5
Qxe3+ 28. Kg2 e6 29. Qh7 Qe2+ 30. Kh3 Bh5 31. Bf5 Bf7 32. Rb7 Qa6 33. Be4 c4
34. f5 exf5 35. Qxf5 Qh6+ 36. Kg2 Qd2+ 37. Kh3 Qh6+ 38. Kg2 Qd2+ 1/2-1/2

[Event "NAYCC U12"]
[Site "Kingston CAN"]
[Date "2019.08.18"]
[Round "5.61"]
[White "Liang, Jason"]
[Black "Zhong, Kevin"]
[Result "1-0"]
[WhiteElo "2250"]
[BlackElo "2215"]
[PlyCount "69"]
[EventDate "2019.08.16"]
[EventType "swiss"]
[EventRounds "9"]
[EventCountry "CAN"]

1. e4 c5 2. Nf3 Nc6 3. d4 cxd4 4. Nxd4 Nf6 5. Nc3 d6 6. f3 e5 7. Nb3 Be7 8. Be3
O-O 9. Qd2 a5 10. Bb5 Be6 11. O-O-O Na7 12. Bxa7 Rxa7 13. Qf2 Ra8 14. a4 Rc8
15. Kb1 Nd7 16. Nd5 Bxd5 17. Rxd5 Nb6 18. Rd3 f5 19. exf5 Rxf5 20. Nxa5 Rf4 21.
g3 Rf8 22. Nb3 e4 23. Re3 d5 24. Rd1 Nc4 25. Bxc4 Rxc4 26. Qe2 Qc7 27. fxe4 Rc8
28. Nd4 Bg5 29. Ne6 Qa5 30. Rxd5 Qxa4 31. Rxg5 Rxc2 32. Rxg7+ Kh8 33. Rxh7+
Kxh7 34. Qh5+ Kg8 35. Qg6+ 1-0

[Event "NAYCC U12"]
[Site "Kingston CAN"]
[Date "2019.08.18"]
[Round "5.63"]
[White "Liu, Henry"]
[Black "Vidyarthi, Vyom"]
[Result "1-0"]
[WhiteElo "1952"]
[BlackElo "2205"]
[PlyCount "119"]
[EventDate "2019.08.16"]
[EventType "swiss"]
[EventRounds "9"]
[EventCountry "CAN"]

1. c4 e5 2. g3 Nc6 3. Bg2 g6 4. Nc3 Bg7 5. d3 d6 6. e4 f5 7. Nge2 Nf6 8. O-O
O-O 9. a3 Be6 10. Qc2 Qd7 11. f4 fxe4 12. Nxe4 Nxe4 13. Bxe4 d5 14. cxd5 Bxd5
15. Be3 Nd4 16. Bxd4 exd4 17. Rac1 c6 18. Bxd5+ Qxd5 19. Qc4 Rad8 20. g4 Rfe8
21. Kf2 Re3 22. Qxd5+ Rxd5 23. Rfd1 h5 24. g5 Rf5 25. b4 Be5 26. Rc5 b6 27.
Rxc6 Bxf4 28. Nxd4 Rxg5 29. Ne2 Rf5 30. Nxf4 Re7 31. Kg3 Re3+ 32. Kf2 Re7 33.
Rxg6+ Kf7 34. Rg3 Rxf4+ 35. Rf3 Rxf3+ 36. Kxf3 Kf6 37. d4 Rf7 38. d5 Ke5+ 39.
Ke3 Kd6 40. Rd3 Rf5 41. Ke4 Re5+ 42. Kf4 a5 43. h4 axb4 44. axb4 b5 45. Rd4
Rxd5 46. Ke4 Rxd4+ 47. Kxd4 Ke6 48. Ke4 Kd6 49. Kd4 Ke6 50. Kc5 Kf5 51. Kxb5
Kg4 52. Kc4 Kxh4 53. b5 Kg3 54. b6 h4 55. b7 h3 56. b8=Q+ Kg2 57. Qb2+ Kg1 58.
Qc1+ Kg2 59. Qd2+ Kg1 60. Qd1+ 1-0

[Event "NAYCC U12"]
[Site "Kingston CAN"]
[Date "2019.08.18"]
[Round "5.64"]
[White "Xu, Arthur"]
[Black "Wu, Benjamin"]
[Result "1-0"]
[WhiteElo "2176"]
[BlackElo "1731"]
[PlyCount "77"]
[EventDate "2019.08.16"]
[EventType "swiss"]
[EventRounds "9"]
[EventCountry "CAN"]

1. e4 e6 2. d4 d5 3. Nd2 dxe4 4. Nxe4 Nf6 5. Nxf6+ Qxf6 6. Nf3 h6 7. Bd3 c5 8.
Be3 Nd7 9. O-O Be7 10. Re1 O-O 11. c3 b6 12. Bc2 Rd8 13. Qd3 Nf8 14. Qe4 Rb8
15. Bf4 Bb7 16. Qe3 Bxf3 17. Bxb8 Rxb8 18. gxf3 cxd4 19. cxd4 Bd6 20. Qe4 Ng6
21. Kh1 Bf4 22. Rg1 Rd8 23. Rad1 Qh4 24. Rg2 Qh3 25. Rg3 Bxg3 26. fxg3 Qh5 27.
Kg2 Qb5 28. Bb3 a5 29. Qc2 Qd7 30. d5 Rc8 31. Qe4 exd5 32. Rxd5 Qe8 33. Qd3 Kh8
34. Rd6 Ne5 35. Qe2 Rb8 36. f4 Ng6 37. Qxe8+ Rxe8 38. Bxf7 Nxf4+ 39. gxf4 1-0

[Event "NAYCC U12"]
[Site "Kingston CAN"]
[Date "2019.08.18"]
[Round "5.65"]
[White "Li, Thomas"]
[Black "Weng, Nicholas"]
[Result "0-1"]
[WhiteElo "1923"]
[BlackElo "1789"]
[PlyCount "92"]
[EventDate "2019.08.16"]
[EventType "swiss"]
[EventRounds "9"]
[EventCountry "CAN"]

1. e4 c5 2. Nf3 d6 3. Nc3 Nf6 4. d4 cxd4 5. Nxd4 a6 6. Bc4 e6 7. O-O Be7 8. Bb3
O-O 9. f4 b5 10. a3 Bb7 11. Qf3 Nbd7 12. f5 e5 13. Nde2 Nb6 14. Rd1 Qc7 15. Ng3
Rfd8 16. Bg5 Nbd7 17. Kh1 Nc5 18. Bxf6 Bxf6 19. Bd5 Bg5 20. Qg4 Bh6 21. Nh5 Kh8
22. Qh4 Re8 23. Rf1 f6 24. Nxf6 gxf6 25. Qxh6 Qg7 26. Qxg7+ Kxg7 27. b4 Bxd5
28. Nxd5 Nxe4 29. Nc7 Rac8 30. Nxe8+ Rxe8 31. Kg1 d5 32. Rfe1 Nc3 33. Kf2 d4
34. g4 Rc8 35. g5 Nd5 36. Ra2 Rc3 37. Rd1 fxg5 38. Rd3 Kf6 39. Rxc3 Nxc3 40.
Ra1 Kxf5 41. Ke1 e4 42. Kd2 Nd5 43. Rf1+ Nf4 44. Ra1 e3+ 45. Ke1 Ke4 46. Rd1 h5
0-1

[Event "NAYCC U12"]
[Site "Kingston CAN"]
[Date "2019.08.18"]
[Round "5.66"]
[White "Zhao, Jeffrey R"]
[Black "Sloan, Jed"]
[Result "1/2-1/2"]
[WhiteElo "2117"]
[BlackElo "1942"]
[PlyCount "39"]
[EventDate "2019.08.16"]
[EventType "swiss"]
[EventRounds "9"]
[EventCountry "CAN"]

1. e4 c5 2. Nf3 e6 3. d4 cxd4 4. Nxd4 Nc6 5. Nb5 d6 6. c4 Nf6 7. N1c3 a6 8. Na3
Qa5 9. Bd2 Be7 10. Be2 O-O 11. O-O Qe5 12. Bd3 Qa5 13. Be3 Ne5 14. Be2 d5 15.
Bd2 dxe4 16. Nxe4 Qc7 17. Nxf6+ Bxf6 18. Qb3 Nc6 19. Nc2 Qe5 20. Bf3 1/2-1/2

[Event "NAYCC U12"]
[Site "Kingston CAN"]
[Date "2019.08.18"]
[Round "5.67"]
[White "Liu, Joshua"]
[Black "Srinivasan, Hemant"]
[Result "0-1"]
[WhiteElo "1562"]
[BlackElo "2066"]
[PlyCount "60"]
[EventDate "2019.08.16"]
[EventType "swiss"]
[EventRounds "9"]
[EventCountry "CAN"]

1. d4 d5 2. Nf3 Nf6 3. Bf4 e6 4. e3 Bd6 5. Bg3 Bxg3 6. hxg3 b6 7. c3 Bb7 8.
Bb5+ c6 9. Bd3 O-O 10. Qc2 h6 11. Nbd2 c5 12. b3 Nc6 13. Ne5 Nxe5 14. dxe5 Ng4
15. Nf3 Qc7 16. Ng5 Nxe5 17. f4 Ng4 18. Be2 Nf6 19. Nh3 Ne4 20. g4 f5 21. Nf2
Nxf2 22. Kxf2 e5 23. g5 exf4 24. gxh6 fxe3+ 25. Kxe3 gxh6 26. Rxh6 Rae8+ 27.
Kd3 c4+ 28. Kd2 Qf4+ 29. Kd1 Qxh6 30. bxc4 Qh1+ 0-1

[Event "NAYCC U12"]
[Site "Kingston CAN"]
[Date "2019.08.18"]
[Round "5.68"]
[White "Ajith, Aayush"]
[Black "Zhang, Henry X"]
[Result "1-0"]
[WhiteElo "1847"]
[BlackElo "1624"]
[PlyCount "75"]
[EventDate "2019.08.16"]
[EventType "swiss"]
[EventRounds "9"]
[EventCountry "CAN"]

1. d4 Nf6 2. Nf3 g6 3. c4 Bg7 4. Nc3 O-O 5. g3 d6 6. Bg2 Nbd7 7. O-O c5 8. d5
a6 9. a4 Qc7 10. e4 b6 11. Qe2 Bb7 12. Nd2 e6 13. f4 exd5 14. cxd5 Rfe8 15. Qd3
Ng4 16. Nd1 Rac8 17. Qc4 Ndf6 18. h3 Nh6 19. g4 Nhxg4 20. hxg4 Nxg4 21. Bf3 h5
22. Nb3 Qe7 23. Kg2 Bf6 24. Bxg4 hxg4 25. Nf2 Qd7 26. Nd2 Kg7 27. Qd3 Rh8 28.
Nc4 Rce8 29. Nxb6 Qd8 30. Nc4 Bd4 31. Be3 g3 32. Bxd4+ cxd4 33. Qxg3 Qf6 34.
Rh1 Rc8 35. Rxh8 Rxh8 36. Qg5 Qd8 37. Qxd8 Rxd8 38. Na5 1-0

[Event "NAYCC U12"]
[Site "Kingston CAN"]
[Date "2019.08.18"]
[Round "5.69"]
[White "Latorre, Vincent"]
[Black "Huang, Richard"]
[Result "1-0"]
[WhiteElo "1859"]
[BlackElo "1542"]
[PlyCount "115"]
[EventDate "2019.08.16"]
[EventType "swiss"]
[EventRounds "9"]
[EventCountry "CAN"]

1. e4 e5 2. Nf3 Nc6 3. Bc4 Bc5 4. c3 Nf6 5. d3 d6 6. Bb3 O-O 7. Nbd2 Bb6 8. h3
Ne7 9. O-O Ng6 10. Nc4 Be6 11. Ne3 Qd7 12. Bc2 d5 13. exd5 Nxd5 14. Nc4 f6 15.
Nxb6 axb6 16. d4 Nde7 17. dxe5 Qxd1 18. Rxd1 Nxe5 19. Nxe5 fxe5 20. Bg5 Nc6 21.
Re1 Rfe8 22. b3 Ra5 23. a4 Rc5 24. Re3 Ra8 25. Rb1 h6 26. Bh4 Re8 27. Be4 Bf7
28. Bg3 Bd5 29. Bd3 Kf8 30. c4 Bf7 31. b4 Rxc4 32. Bxc4 Bxc4 33. b5 Nd4 34.
Bxe5 Nf5 35. Ree1 Re7 36. f4 Bd5 37. Rb2 Nh4 38. Rc1 c6 39. Bd6 Ke8 40. Bxe7
Kxe7 41. bxc6 Bxc6 42. Rxb6 Nf5 43. a5 Bd5 44. Rc5 Be6 45. Rc7+ Kf6 46. Rcxb7
g5 47. fxg5+ hxg5 48. a6 Ke5 49. Rxe6+ Kxe6 50. a7 Ke5 51. a8=Q Kf4 52. Rb4+
Ke5 53. Qa5+ Ke6 54. Rb6+ Nd6 55. Qc5 Ke7 56. Qxd6+ Kf7 57. Rb7+ Ke8 58. Qe7#
1-0

[Event "NAYCC U12"]
[Site "Kingston CAN"]
[Date "2019.08.18"]
[Round "5.70"]
[White "Yan, Alex Jikai"]
[Black "Mundayat, Abinav"]
[Result "0-1"]
[WhiteElo "1801"]
[BlackElo "2081"]
[PlyCount "140"]
[EventDate "2019.08.16"]
[EventType "swiss"]
[EventRounds "9"]
[EventCountry "CAN"]

1. e4 c5 2. Nf3 Nc6 3. d4 cxd4 4. Nxd4 e5 5. Nb5 d6 6. N1a3 a6 7. Nc3 b5 8. Nd5
Nge7 9. c4 Nd4 10. Be3 Nxd5 11. cxd5 Be7 12. Bxd4 exd4 13. Bd3 O-O 14. O-O Bf6
15. f4 g6 16. Nc2 Bg7 17. Qf3 Bd7 18. Rae1 Qc7 19. Qf2 Rae8 20. Nxd4 Qb6 21.
Nb3 Qxf2+ 22. Rxf2 f5 23. Kf1 fxe4 24. Bxe4 Bf5 25. Bxf5 Rxe1+ 26. Kxe1 Rxf5
27. Rd2 Rxf4 28. Ke2 Kf8 29. Nc1 Rc4 30. Kd1 Bh6 31. Rf2+ Ke7 32. Ne2 Rc5 33.
Nc3 b4 34. Re2+ Kd7 35. Rf2 bxc3 36. bxc3 Rxd5+ 37. Kc2 Rf5 38. Re2 Bg7 39. Kb3
Rb5+ 40. Kc2 Rc5 41. Re3 d5 42. Rf3 Kd6 43. Kb3 Rb5+ 44. Kc2 Rb7 45. h3 Re7 46.
Kd2 d4 47. cxd4 Bxd4 48. Ra3 Ke5 49. Rxa6 Ra7 50. Rc6 Rxa2+ 51. Ke1 Ke4 52. Kf1
Rf2+ 53. Ke1 Rxg2 54. Ra6 Rh2 55. Ra3 Be3 56. Ra8 Rxh3 57. Rg8 Rg3 58. Rf8 Kd3
59. Rd8+ Bd4 60. Rf8 Rg1+ 61. Rf1 Rxf1+ 62. Kxf1 g5 63. Kg2 Ke4 64. Kg3 Kf5 65.
Kf3 g4+ 66. Kg3 Be5+ 67. Kg2 Kf4 68. Kf2 g3+ 69. Kg2 h6 70. Kh3 Kf3 0-1

[Event "NAYCC U12"]
[Site "Kingston CAN"]
[Date "2019.08.18"]
[Round "5.71"]
[White "Yuen, Noah"]
[Black "He, Matthew"]
[Result "1-0"]
[WhiteElo "1921"]
[BlackElo "1810"]
[PlyCount "75"]
[EventDate "2019.08.16"]
[EventType "swiss"]
[EventRounds "9"]
[EventCountry "CAN"]

1. d4 d5 2. c4 e6 3. Nc3 Bb4 4. Nf3 Nf6 5. Bg5 Nbd7 6. e3 h6 7. Bh4 g5 8. Bg3
Ne4 9. Qc2 h5 10. h3 Nxg3 11. fxg3 c6 12. Be2 Qc7 13. O-O-O Qxg3 14. Kb1 Nf6
15. Bd3 dxc4 16. Bxc4 Nd5 17. Ne4 Qb8 18. Bxd5 exd5 19. Nexg5 Be7 20. Nxf7 Rf8
21. N3e5 Be6 22. Qg6 Bxf7 23. Nxf7 Rxf7 24. Rhf1 Qd6 25. Qxf7+ Kd7 26. Qxh5 Rg8
27. Qf5+ Kc7 28. g4 Qh6 29. Qf4+ Qd6 30. Qxd6+ Kxd6 31. Rf7 Rg6 32. Rdf1 Rh6
33. R1f3 a5 34. Rg7 b5 35. g5 Rh8 36. g6 Bf8 37. Rgf7 Bh6 38. R3f6# 1-0

[Event "NAYCC U12"]
[Site "Kingston CAN"]
[Date "2019.08.18"]
[Round "5.72"]
[White "Huang, Youhe"]
[Black "Tay, Brian"]
[Result "0-1"]
[WhiteElo "2167"]
[BlackElo "1952"]
[PlyCount "72"]
[EventDate "2019.08.16"]
[EventType "swiss"]
[EventRounds "9"]
[EventCountry "CAN"]

1. Nf3 Nf6 2. c4 g6 3. Nc3 Bg7 4. g3 O-O 5. Bg2 d6 6. O-O e5 7. e4 Nc6 8. d3
Ne8 9. Nh4 Nd4 10. f4 exf4 11. Nf3 fxg3 12. hxg3 f5 13. Be3 Nxf3+ 14. Rxf3 Nf6
15. Bg5 h6 16. Bxf6 Bxf6 17. exf5 Bxf5 18. Ne2 Qe7 19. Rxf5 gxf5 20. Bd5+ Kh7
21. Nf4 Qe3+ 22. Kg2 Bd4 23. Qh5 Rf6 24. Rf1 c6 25. Bf7 Rf8 26. Bg6+ Kg7 27.
Kh3 Be5 28. Rf3 Qg1 29. Bxf5 Bxf4 30. Qg4+ Bg5 31. Qe4 Qh1+ 32. Kg4 Bc1 33. Bg6
Rxg6+ 34. Qxg6+ Kxg6 35. Rf6+ Rxf6 36. c5 Qh5# 0-1

[Event "NAYCC U12"]
[Site "Kingston CAN"]
[Date "2019.08.18"]
[Round "5.73"]
[White "Srinivas, Atharva"]
[Black "Lancman, Kyle"]
[Result "0-1"]
[WhiteElo "1695"]
[BlackElo "1806"]
[PlyCount "141"]
[EventDate "2019.08.16"]
[EventType "swiss"]
[EventRounds "9"]
[EventCountry "CAN"]

1. e4 c5 2. Nc3 g6 3. Bc4 Bg7 4. d3 Nc6 5. a3 Nf6 6. Nf3 O-O 7. O-O d6 8. Ba2
Rb8 9. h3 b5 10. Re1 Nd7 11. Rb1 Qa5 12. Bd2 b4 13. Nd5 e6 14. Ne3 Qc7 15. axb4
Nxb4 16. Bxb4 Rxb4 17. Bb3 Rb8 18. Nc4 Ba6 19. Nfd2 Bxc4 20. Nxc4 Nb6 21. Nxb6
axb6 22. c3 b5 23. Qe2 b4 24. c4 Ra8 25. Qc2 Bd4 26. Rf1 Qe7 27. Qe2 Qh4 28.
Qg4 Qxg4 29. hxg4 Kg7 30. g3 Rh8 31. Kg2 h5 32. gxh5 Rxh5 33. f4 Rah8 34. Rh1
Rxh1 35. Rxh1 Rxh1 36. Kxh1 Bxb2 37. Kg2 Kf6 38. Kf3 e5 39. Kg4 exf4 40. gxf4
Ke6 41. Kf3 Bc1 42. d4 f6 43. d5+ Kf7 44. f5 Kg7 45. Kg4 Kh6 46. Bc2 g5 47. Bb3
Kg7 48. Bc2 Kf7 49. Bb3 Ke7 50. Bc2 Kd7 51. Bb3 Kc7 52. Bc2 b3 53. Bxb3 Kb6 54.
Bd1 Ka5 55. Be2 Bf4 56. Kf3 Kb4 57. Kg4 Kc3 58. Kf3 Kd4 59. Kg4 Kxe4 60. Bf1
Ke3 61. Bg2 Be5 62. Bf1 Bh2 63. Bg2 Kf2 64. Bf3 Ke3 65. Bg2 Be5 66. Bf3 Kd3 67.
Bg2 Kxc4 68. Bf3 Kd3 69. Bd1 c4 70. Ba4 c3 71. Bb5+ 0-1

[Event "NAYCC U12"]
[Site "Kingston CAN"]
[Date "2019.08.18"]
[Round "5.74"]
[White "Padhye, Rohan"]
[Black "Kou, Daniel"]
[Result "1/2-1/2"]
[WhiteElo "2007"]
[BlackElo "1676"]
[PlyCount "141"]
[EventDate "2019.08.16"]
[EventType "swiss"]
[EventRounds "9"]
[EventCountry "CAN"]

1. e4 c5 2. Nf3 e6 3. d4 cxd4 4. Nxd4 a6 5. c4 Qc7 6. Be2 Nf6 7. Nc3 Bb4 8. Qd3
Nc6 9. Nxc6 dxc6 10. O-O O-O 11. Bd2 Rd8 12. Qc2 e5 13. a3 Bxc3 14. Bxc3 Be6
15. f4 exf4 16. Bxf6 gxf6 17. Qc1 Rd4 18. Rxf4 Qe5 19. Qe3 f5 20. Qg3+ Qg7 21.
exf5 Qxg3 22. hxg3 Rxf4 23. gxf4 Bxf5 24. Rd1 Re8 25. Kf1 Kg7 26. Bf3 Re3 27.
Kf2 Rb3 28. Rd2 Be6 29. c5 a5 30. Be2 b6 31. f5 Bd5 32. cxb6 Rxb6 33. Bf3 Bc4
34. Rc2 Bd3 35. Rc5 Rxb2+ 36. Kg3 Rb5 37. Rc3 Bxf5 38. Bxc6 Rb6 39. Bf3 Be6 40.
Rc5 a4 41. Ra5 Bb3 42. Be2 Rg6+ 43. Kf2 Rd6 44. Ke3 Re6+ 45. Kf3 Rc6 46. Ke3
Rc1 47. Kd4 Ra1 48. Kc5 Rxa3 49. Kb4 Ra2 50. Bf3 Rf2 51. Bc6 f6 52. Ra7+ Kh6
53. g3 f5 54. Ka3 Rf1 55. Kb2 Rg1 56. Bxa4 Bxa4 57. Rxa4 Rxg3 58. Rb4 Kg6 59.
Kc2 h5 60. Kd2 Kg5 61. Rb1 f4 62. Ke2 Kg4 63. Kf2 h4 64. Ra1 h3 65. Ra8 Rg2+
66. Kf1 Rb2 67. Kg1 Kg3 68. Rg8+ Kf3 69. Rh8 h2+ 70. Kh1 Ke3 71. Rh3+ 1/2-1/2

[Event "NAYCC U12"]
[Site "Kingston CAN"]
[Date "2019.08.18"]
[Round "5.75"]
[White "Su, Kevin"]
[Black "Li, Eric"]
[Result "0-1"]
[WhiteElo "1882"]
[BlackElo "1337"]
[PlyCount "74"]
[EventDate "2019.08.16"]
[EventType "swiss"]
[EventRounds "9"]
[EventCountry "CAN"]

1. e4 e5 2. Nf3 Nc6 3. Bc4 Bc5 4. d3 h6 5. c3 Nf6 6. O-O d6 7. a4 a6 8. Nbd2
Bg4 9. h3 Bh5 10. Re1 O-O 11. Nf1 Ne7 12. Ng3 Bg6 13. Nh4 Bh7 14. Qf3 Nd7 15.
Qg4 Kh8 16. Nh5 Ng6 17. Nf5 Nf6 18. Qf3 Nxh5 19. Qxh5 Qf6 20. Bxh6 gxh6 21.
Qxh6 Rg8 22. h4 Raf8 23. h5 c6 24. hxg6 fxg6 25. Bxg8 Kxg8 26. Ne3 Qxf2+ 27.
Kh1 Rf4 28. g3 Qxg3 29. Ng2 Rf3 30. Qh2 Qg4 31. d4 exd4 32. Nf4 Rxf4 33. Rf1 g5
34. Rxf4 gxf4 35. Qc2 dxc3 36. Re1 Qh3+ 37. Qh2 Qxh2+ 0-1

[Event "NAYCC U12"]
[Site "Kingston CAN"]
[Date "2019.08.18"]
[Round "5.76"]
[White "Lancman, Kaleb"]
[Black "Tu, Lawrence"]
[Result "0-1"]
[WhiteElo "1501"]
[BlackElo "1919"]
[PlyCount "120"]
[EventDate "2019.08.16"]
[EventType "swiss"]
[EventRounds "9"]
[EventCountry "CAN"]

1. d4 d5 2. Bf4 Nf6 3. e3 Bg4 4. Nf3 e6 5. Nbd2 Bd6 6. Bg3 Bxg3 7. hxg3 Nbd7 8.
c3 c5 9. Bd3 Qc7 10. O-O O-O 11. Qc2 h6 12. Rfe1 Rac8 13. Rac1 e5 14. dxe5 Nxe5
15. Nxe5 Qxe5 16. e4 d4 17. Nc4 Qe7 18. e5 Nd7 19. Bf5 Bxf5 20. Qxf5 Rc6 21.
Qe4 Qe6 22. cxd4 cxd4 23. Qxd4 Rfc8 24. Rcd1 Rxc4 25. Qxd7 Qb6 26. b3 Rc2 27.
Rf1 R8c7 28. Qe8+ Kh7 29. Rd8 Qe6 30. Qg8+ Kg6 31. Rd6 Qxd6 32. exd6 Rc8 33.
Qxc8 Rxc8 34. d7 Rd8 35. Rd1 Kf6 36. Kf1 Ke6 37. Ke2 Rxd7 38. Rxd7 Kxd7 39. Ke3
Kd6 40. Kd4 f5 41. f3 g5 42. b4 b5 43. f4 g4 44. a3 a6 45. Kc3 Kd5 46. Kd3 h5
47. Kc3 Ke4 48. Kd2 Kd4 49. Ke2 Kc3 50. Ke3 Kc4 51. Ke2 Kb3 52. Ke3 Kxa3 53.
Kd4 Kxb4 54. Ke5 a5 55. Kxf5 a4 56. Kg5 a3 57. f5 a2 58. f6 a1=Q 59. Kg6 Kc5
60. f7 Qh8 0-1

[Event "NAYCC U12"]
[Site "Kingston CAN"]
[Date "2019.08.18"]
[Round "5.77"]
[White "Sharma, Vishruth"]
[Black "Zhang, Chu Hang"]
[Result "0-1"]
[WhiteElo "1794"]
[BlackElo "2101"]
[PlyCount "60"]
[EventDate "2019.08.16"]
[EventType "swiss"]
[EventRounds "9"]
[EventCountry "CAN"]

1. e4 c5 2. Nf3 a6 3. c4 Nc6 4. Nc3 e5 5. d3 d6 6. Be2 f5 7. Qc2 Nf6 8. a3 Be7
9. Bd2 O-O 10. Nd5 b5 11. Nxf6+ Rxf6 12. cxb5 axb5 13. Qb3+ Be6 14. Qxb5 Qc8
15. b4 Nxb4 16. Bxb4 Rb8 17. Qa4 cxb4 18. O-O b3 19. Rac1 Qb7 20. Nd2 d5 21.
exd5 Qxd5 22. Nc4 Rg6 23. f3 e4 24. dxe4 fxe4 25. Kh1 Qg5 26. g3 exf3 27. Bxf3
Rf6 28. Bg2 b2 29. Rb1 Rxf1+ 30. Rxf1 b1=Q 0-1

[Event "NAYCC U12"]
[Site "Kingston CAN"]
[Date "2019.08.18"]
[Round "5.78"]
[White "Hu, Raymond"]
[Black "Chan, Jaden"]
[Result "0-1"]
[WhiteElo "1527"]
[BlackElo "1578"]
[PlyCount "114"]
[EventDate "2019.08.16"]
[EventType "swiss"]
[EventRounds "9"]
[EventCountry "CAN"]

1. e4 e5 2. Nf3 Nc6 3. Nc3 Nf6 4. Bb5 d6 5. d4 exd4 6. Nxd4 Bd7 7. O-O a6 8.
Bxc6 bxc6 9. Re1 Be7 10. e5 dxe5 11. Rxe5 O-O 12. Re1 Nd5 13. Nxd5 cxd5 14. Nb3
Be6 15. Be3 Rc8 16. Bc5 c6 17. Qd3 Ra8 18. h3 Re8 19. Qc3 Bxc5 20. Qxc5 Qd7 21.
Nd4 Rec8 22. Nf3 Rab8 23. b3 Rb5 24. Qe3 c5 25. a4 Rbb8 26. Ng5 Rc6 27. Qg3 Re8
28. Nf3 f6 29. Rad1 Rd8 30. Nh2 Qd6 31. Qf3 Bf7 32. Ng4 Bh5 33. Nxf6+ Qxf6 34.
Qxh5 Rf8 35. Qxd5+ Kh8 36. f3 h6 37. Qe5 Qg6 38. Qe7 Rxf3 39. Qe8+ Kh7 40.
Qxg6+ Rxg6 41. Kh1 Rf2 42. Rg1 Rxc2 43. Rc1 Rgxg2 44. Rxc2 Rxc2 45. Rb1 a5 46.
Kg1 Kg6 47. Kh1 Kh5 48. Rg1 g5 49. Rg3 Kh4 50. Re3 h5 51. Kg1 g4 52. hxg4 hxg4
53. Kh1 Rf2 54. Re8 Kg3 55. Re1 Kh3 56. Rd1 g3 57. Kg1 Rb2 0-1